Pripojiteľnosť nových technológii do distribučných sietí
Guardado en:
| Autor principal: | |
|---|---|
| Otros Autores: | |
| Formato: | Manuscrito Libro |
| Lenguaje: | eslovaco |
| Publicado: |
2026
|
| Materias: | |
| Acceso en línea: | http://is.stuba.sk/zp/portal_zp.pl?podrobnosti_zp=107455 |
| Etiquetas: |
Sin Etiquetas, Sea el primero en etiquetar este registro!
|
MARC
| LEADER | 00000ntm a22000003a 4500 | ||
|---|---|---|---|
| 001 | stuzp107455 | ||
| 003 | SK-STU | ||
| 005 | 20260321210341.7 | ||
| 007 | ta | ||
| 008 | 150427s2015----xo-----f-mn---000-0-slo-d | ||
| 040 | |a STU |b slo | ||
| 041 | 0 | |a slo | |
| 100 | 1 | |a Cenký, Matej |u 030690 |k Z1 |4 aut |U FEI Fakulta elektrotechniky a informatiky |T FEI Stredisko pre projekty a spoluprácu s praxou |X 6076 |U 030690 |Y 387 |7 A000006076 | |
| 242 | 0 | 1 | |a Integration of New Technologies into Distribution Networks |y eng |
| 245 | 1 | 0 | |a Pripojiteľnosť nových technológii do distribučných sietí |
| 260 | |c 2026 | ||
| 650 | 4 | |a distribučná sieť |2 slo | |
| 650 | 4 | |a modelovanie |2 slo | |
| 650 | 4 | |a obnoviteľné zdroje |2 slo | |
| 650 | 4 | |a distribution network |2 eng | |
| 650 | 4 | |a modelling |2 eng | |
| 650 | 4 | |a renewable sources |2 eng | |
| 700 | 1 | |a , |4 ths |X null |7 null | |
| 856 | 4 | |u http://is.stuba.sk/zp/portal_zp.pl?podrobnosti_zp=107455 | |